<?xml version="1.0" encoding="UTF-8"?>
<record
    xmlns:xsi="http://www.w3.org/2001/XMLSchema-instance"
    xsi:schemaLocation="http://www.loc.gov/MARC21/slim http://www.loc.gov/standards/marcxml/schema/MARC21slim.xsd"
    xmlns="http://www.loc.gov/MARC21/slim">

  <leader>01006nas a2200241 454500</leader>
  <controlfield tag="001">6272</controlfield>
  <controlfield tag="005">20260407193504.0</controlfield>
  <controlfield tag="008">260407s1986####ag###########|||spa#d</controlfield>
  <controlfield tag="003">AR-UNSa-BCEJYS</controlfield>
  <datafield tag="040" ind1=" " ind2=" ">
    <subfield code="a">AR-UNSa-BCEJYS</subfield>
    <subfield code="b">spa</subfield>
    <subfield code="c">AR-UNSa-BCEJYS</subfield>
  </datafield>
  <datafield tag="080" ind1=" " ind2=" ">
    <subfield code="a">35</subfield>
    <subfield code="x">Administraci&#xF3;n P&#xFA;blica</subfield>
  </datafield>
  <datafield tag="245" ind1="1" ind2="0">
    <subfield code="a">Funci&#xF3;n P&#xFA;blica</subfield>
    <subfield code="p">Legislaci&#xF3;n, doctrina, Jurisprudencia</subfield>
  </datafield>
  <datafield tag="022" ind1=" " ind2=" ">
    <subfield code="a">0327-9502</subfield>
  </datafield>
  <datafield tag="264" ind1=" " ind2="1">
    <subfield code="a">La Plata :</subfield>
    <subfield code="b">Funci&#xF3;n P&#xFA;blica</subfield>
    <subfield code="c">1986</subfield>
  </datafield>
  <datafield tag="310" ind1=" " ind2=" ">
    <subfield code="a">Frecuencia: mensual</subfield>
  </datafield>
  <datafield tag="505" ind1=" " ind2=" ">
    <subfield code="a">Publicaci&#xF3;n mensual especializada para la administraci&#xF3;n p&#xFA;blica y municipalidades de la Provincia de Buenos Aires, proveedores del estado, contratistas de obras, magistrados, profesionales independientes y docentes universitarios</subfield>
  </datafield>
  <datafield tag="942" ind1=" " ind2=" ">
    <subfield code="c">SER</subfield>
  </datafield>
  <datafield tag="590" ind1=" " ind2=" ">
    <subfield code="a">niveau_biblio:s niveau_hierar:1</subfield>
  </datafield>
  <datafield tag="100" ind1="1" ind2=" ">
    <subfield code="a">De Luca, Rub&#xE9;n Mario</subfield>
  </datafield>
  <datafield tag="650" ind1=" " ind2=" ">
    <subfield code="a">ADMINISTRACION PUBLICA</subfield>
  </datafield>
  <datafield tag="650" ind1=" " ind2=" ">
    <subfield code="a">Funci&#xF3;n p&#xFA;blica</subfield>
  </datafield>
  <datafield tag="856" ind1="4" ind2="1">
    <subfield code="u">https://biblioeco.unsa.edu.ar/pmb/images/revistas/Funcion Publica.jpg</subfield>
    <subfield code="y">Imagen de portada</subfield>
    <subfield code="q">image/jpeg</subfield>
  </datafield>
  <datafield tag="999" ind1=" " ind2=" ">
    <subfield code="c">8432</subfield>
    <subfield code="d">8432</subfield>
  </datafield>
  <datafield tag="952" ind1=" " ind2=" ">
    <subfield code="0">0</subfield>
    <subfield code="1">0</subfield>
    <subfield code="4">0</subfield>
    <subfield code="7">0</subfield>
    <subfield code="a">BCEJYS</subfield>
    <subfield code="b">BCEJYS</subfield>
    <subfield code="c">17</subfield>
    <subfield code="d">2008-01-01</subfield>
    <subfield code="h">A&#xF1;o 19, N&#xBA; 217/218 - 2008</subfield>
    <subfield code="l">0</subfield>
    <subfield code="o">H35 FUN 217/218</subfield>
    <subfield code="p">R14712</subfield>
    <subfield code="r">2026-04-10 16:07:05</subfield>
    <subfield code="w">2026-04-10</subfield>
    <subfield code="y">RN</subfield>
  </datafield>
  <datafield tag="952" ind1=" " ind2=" ">
    <subfield code="0">0</subfield>
    <subfield code="1">0</subfield>
    <subfield code="4">0</subfield>
    <subfield code="7">0</subfield>
    <subfield code="a">BCEJYS</subfield>
    <subfield code="b">BCEJYS</subfield>
    <subfield code="c">17</subfield>
    <subfield code="d">2007-01-01</subfield>
    <subfield code="h">A&#xF1;o 18, N&#xBA; 209/210 - 2007</subfield>
    <subfield code="l">0</subfield>
    <subfield code="o">H35 FUN 209/210</subfield>
    <subfield code="p">R14711</subfield>
    <subfield code="r">2026-04-10 16:07:05</subfield>
    <subfield code="w">2026-04-10</subfield>
    <subfield code="y">RN</subfield>
  </datafield>
  <datafield tag="952" ind1=" " ind2=" ">
    <subfield code="0">0</subfield>
    <subfield code="1">0</subfield>
    <subfield code="4">0</subfield>
    <subfield code="7">0</subfield>
    <subfield code="a">BCEJYS</subfield>
    <subfield code="b">BCEJYS</subfield>
    <subfield code="c">17</subfield>
    <subfield code="d">2006-01-01</subfield>
    <subfield code="h">A&#xF1;o 17, N&#xBA; 193/194 - 2006</subfield>
    <subfield code="l">0</subfield>
    <subfield code="o">H35 FUN 193/194</subfield>
    <subfield code="p">R14710</subfield>
    <subfield code="r">2026-04-10 16:07:05</subfield>
    <subfield code="w">2026-04-10</subfield>
    <subfield code="y">RN</subfield>
  </datafield>
  <datafield tag="952" ind1=" " ind2=" ">
    <subfield code="0">0</subfield>
    <subfield code="1">0</subfield>
    <subfield code="4">0</subfield>
    <subfield code="7">0</subfield>
    <subfield code="a">BCEJYS</subfield>
    <subfield code="b">BCEJYS</subfield>
    <subfield code="c">17</subfield>
    <subfield code="d">2005-01-02</subfield>
    <subfield code="h">A&#xF1;o16, N&#xBA; 191/192 - 2005</subfield>
    <subfield code="l">0</subfield>
    <subfield code="o">H35 FUN 191/192</subfield>
    <subfield code="p">R14709</subfield>
    <subfield code="r">2026-04-10 16:07:05</subfield>
    <subfield code="w">2026-04-10</subfield>
    <subfield code="y">RN</subfield>
  </datafield>
  <datafield tag="952" ind1=" " ind2=" ">
    <subfield code="0">0</subfield>
    <subfield code="1">0</subfield>
    <subfield code="4">0</subfield>
    <subfield code="7">0</subfield>
    <subfield code="a">BCEJYS</subfield>
    <subfield code="b">BCEJYS</subfield>
    <subfield code="c">17</subfield>
    <subfield code="d">2005-01-01</subfield>
    <subfield code="h">A&#xF1;o 16, N&#xBA; 189/190 - 2005</subfield>
    <subfield code="l">0</subfield>
    <subfield code="o">H35 FUN 189/190</subfield>
    <subfield code="p">R14708</subfield>
    <subfield code="r">2026-04-10 16:07:05</subfield>
    <subfield code="w">2026-04-10</subfield>
    <subfield code="y">RN</subfield>
  </datafield>
  <datafield tag="952" ind1=" " ind2=" ">
    <subfield code="0">0</subfield>
    <subfield code="1">0</subfield>
    <subfield code="4">0</subfield>
    <subfield code="7">0</subfield>
    <subfield code="a">BCEJYS</subfield>
    <subfield code="b">BCEJYS</subfield>
    <subfield code="c">17</subfield>
    <subfield code="d">2004-01-03</subfield>
    <subfield code="h">A&#xF1;o 16, N&#xBA; 181/182 - 2004</subfield>
    <subfield code="l">0</subfield>
    <subfield code="o">H35 FUN 181/182</subfield>
    <subfield code="p">R14707</subfield>
    <subfield code="r">2026-04-10 16:07:05</subfield>
    <subfield code="w">2026-04-10</subfield>
    <subfield code="y">RN</subfield>
  </datafield>
  <datafield tag="952" ind1=" " ind2=" ">
    <subfield code="0">0</subfield>
    <subfield code="1">0</subfield>
    <subfield code="4">0</subfield>
    <subfield code="7">0</subfield>
    <subfield code="a">BCEJYS</subfield>
    <subfield code="b">BCEJYS</subfield>
    <subfield code="c">17</subfield>
    <subfield code="d">2004-01-02</subfield>
    <subfield code="h">A&#xF1;o 15, N&#xBA; 179/180 - 2004</subfield>
    <subfield code="l">0</subfield>
    <subfield code="o">H35 FUN 179/180</subfield>
    <subfield code="p">R14706</subfield>
    <subfield code="r">2026-04-10 16:07:05</subfield>
    <subfield code="w">2026-04-10</subfield>
    <subfield code="y">RN</subfield>
  </datafield>
  <datafield tag="952" ind1=" " ind2=" ">
    <subfield code="0">0</subfield>
    <subfield code="1">0</subfield>
    <subfield code="4">0</subfield>
    <subfield code="7">0</subfield>
    <subfield code="a">BCEJYS</subfield>
    <subfield code="b">BCEJYS</subfield>
    <subfield code="c">17</subfield>
    <subfield code="d">2004-01-01</subfield>
    <subfield code="h">A&#xF1;o 15, N&#xBA; 177/178 - 2004</subfield>
    <subfield code="l">0</subfield>
    <subfield code="o">H35 FUN 177/178</subfield>
    <subfield code="p">R14705</subfield>
    <subfield code="r">2026-04-10 16:07:05</subfield>
    <subfield code="w">2026-04-10</subfield>
    <subfield code="y">RN</subfield>
  </datafield>
  <datafield tag="952" ind1=" " ind2=" ">
    <subfield code="0">0</subfield>
    <subfield code="1">0</subfield>
    <subfield code="4">0</subfield>
    <subfield code="7">0</subfield>
    <subfield code="a">BCEJYS</subfield>
    <subfield code="b">BCEJYS</subfield>
    <subfield code="c">17</subfield>
    <subfield code="d">2004-01-01</subfield>
    <subfield code="h">A&#xF1;o 15, N&#xBA; 175/176 - 2004</subfield>
    <subfield code="l">0</subfield>
    <subfield code="o">H35 FUN 175/176</subfield>
    <subfield code="p">R01895</subfield>
    <subfield code="r">2026-04-10 16:07:05</subfield>
    <subfield code="w">2026-04-10</subfield>
    <subfield code="y">RN</subfield>
  </datafield>
  <datafield tag="952" ind1=" " ind2=" ">
    <subfield code="0">0</subfield>
    <subfield code="1">0</subfield>
    <subfield code="4">0</subfield>
    <subfield code="7">0</subfield>
    <subfield code="a">BCEJYS</subfield>
    <subfield code="b">BCEJYS</subfield>
    <subfield code="c">17</subfield>
    <subfield code="d">2003-01-01</subfield>
    <subfield code="h">A&#xF1;o 15, N&#xBA; 173/174 - 2003</subfield>
    <subfield code="l">0</subfield>
    <subfield code="o">H35 FUN 173/174</subfield>
    <subfield code="p">R05126</subfield>
    <subfield code="r">2026-04-10 16:07:05</subfield>
    <subfield code="w">2026-04-10</subfield>
    <subfield code="y">RN</subfield>
  </datafield>
  <datafield tag="952" ind1=" " ind2=" ">
    <subfield code="0">0</subfield>
    <subfield code="1">0</subfield>
    <subfield code="4">0</subfield>
    <subfield code="7">0</subfield>
    <subfield code="a">BCEJYS</subfield>
    <subfield code="b">BCEJYS</subfield>
    <subfield code="c">17</subfield>
    <subfield code="d">2002-01-01</subfield>
    <subfield code="h">A&#xF1;o 14, N&#xBA; 161/162 - 2002</subfield>
    <subfield code="l">0</subfield>
    <subfield code="o">H35 FUN 161/162</subfield>
    <subfield code="p">R01894</subfield>
    <subfield code="r">2026-04-10 16:07:05</subfield>
    <subfield code="w">2026-04-10</subfield>
    <subfield code="y">RN</subfield>
  </datafield>
  <datafield tag="952" ind1=" " ind2=" ">
    <subfield code="0">0</subfield>
    <subfield code="1">0</subfield>
    <subfield code="4">0</subfield>
    <subfield code="7">0</subfield>
    <subfield code="a">BCEJYS</subfield>
    <subfield code="b">BCEJYS</subfield>
    <subfield code="c">17</subfield>
    <subfield code="d">2000-01-01</subfield>
    <subfield code="h">A&#xF1;o 12, N&#xBA; 139/140 - 2000</subfield>
    <subfield code="l">0</subfield>
    <subfield code="o">H35 FUN 139/140</subfield>
    <subfield code="p">R01893</subfield>
    <subfield code="r">2026-04-10 16:07:05</subfield>
    <subfield code="w">2026-04-10</subfield>
    <subfield code="y">RN</subfield>
  </datafield>
  <datafield tag="952" ind1=" " ind2=" ">
    <subfield code="0">0</subfield>
    <subfield code="1">0</subfield>
    <subfield code="4">0</subfield>
    <subfield code="7">0</subfield>
    <subfield code="a">BCEJYS</subfield>
    <subfield code="b">BCEJYS</subfield>
    <subfield code="c">17</subfield>
    <subfield code="d">1999-01-01</subfield>
    <subfield code="h">A&#xF1;o 12/13, N&#xBA; 133/154 - 1999/2001</subfield>
    <subfield code="l">0</subfield>
    <subfield code="o">H35 FUN 133/154</subfield>
    <subfield code="p">R14715</subfield>
    <subfield code="r">2026-04-10 16:07:05</subfield>
    <subfield code="w">2026-04-10</subfield>
    <subfield code="y">RN</subfield>
  </datafield>
  <datafield tag="952" ind1=" " ind2=" ">
    <subfield code="0">0</subfield>
    <subfield code="1">0</subfield>
    <subfield code="4">0</subfield>
    <subfield code="7">0</subfield>
    <subfield code="a">BCEJYS</subfield>
    <subfield code="b">BCEJYS</subfield>
    <subfield code="c">17</subfield>
    <subfield code="d">1999-01-01</subfield>
    <subfield code="h">A&#xF1;o 11, N&#xBA; 131/132 - 1999</subfield>
    <subfield code="l">0</subfield>
    <subfield code="o">H35 FUN 131/132</subfield>
    <subfield code="p">R00808</subfield>
    <subfield code="r">2026-04-10 16:07:05</subfield>
    <subfield code="w">2026-04-10</subfield>
    <subfield code="y">RN</subfield>
  </datafield>
  <datafield tag="952" ind1=" " ind2=" ">
    <subfield code="0">0</subfield>
    <subfield code="1">0</subfield>
    <subfield code="4">0</subfield>
    <subfield code="7">0</subfield>
    <subfield code="a">BCEJYS</subfield>
    <subfield code="b">BCEJYS</subfield>
    <subfield code="c">17</subfield>
    <subfield code="d">1998-01-01</subfield>
    <subfield code="h">A&#xF1;o 11, N&#xBA; 125/126 - 1998</subfield>
    <subfield code="l">0</subfield>
    <subfield code="o">H35 FUN 125/126</subfield>
    <subfield code="p">R00789</subfield>
    <subfield code="r">2026-04-10 16:07:05</subfield>
    <subfield code="w">2026-04-10</subfield>
    <subfield code="y">RN</subfield>
  </datafield>
  <datafield tag="952" ind1=" " ind2=" ">
    <subfield code="0">0</subfield>
    <subfield code="1">0</subfield>
    <subfield code="4">0</subfield>
    <subfield code="7">0</subfield>
    <subfield code="a">BCEJYS</subfield>
    <subfield code="b">BCEJYS</subfield>
    <subfield code="c">17</subfield>
    <subfield code="d">1997-04-01</subfield>
    <subfield code="h">A&#xF1;o 3/10, N&#xBA; 29/108 - 1988/1997</subfield>
    <subfield code="l">0</subfield>
    <subfield code="o">H35 FUN 1988/97</subfield>
    <subfield code="p">R17029</subfield>
    <subfield code="r">2026-04-10 16:07:05</subfield>
    <subfield code="w">2026-04-10</subfield>
    <subfield code="y">RN</subfield>
  </datafield>
  <datafield tag="952" ind1=" " ind2=" ">
    <subfield code="0">0</subfield>
    <subfield code="1">0</subfield>
    <subfield code="4">0</subfield>
    <subfield code="7">0</subfield>
    <subfield code="a">BCEJYS</subfield>
    <subfield code="b">BCEJYS</subfield>
    <subfield code="c">17</subfield>
    <subfield code="d">1997-01-01</subfield>
    <subfield code="h">A&#xF1;o 10/11, N&#xBA; 109/128 - 1997/1999</subfield>
    <subfield code="l">0</subfield>
    <subfield code="o">H35 FUN 109/128</subfield>
    <subfield code="p">R14714</subfield>
    <subfield code="r">2026-04-10 16:07:05</subfield>
    <subfield code="w">2026-04-10</subfield>
    <subfield code="y">RN</subfield>
  </datafield>
  <datafield tag="952" ind1=" " ind2=" ">
    <subfield code="0">0</subfield>
    <subfield code="1">0</subfield>
    <subfield code="4">0</subfield>
    <subfield code="7">0</subfield>
    <subfield code="a">BCEJYS</subfield>
    <subfield code="b">BCEJYS</subfield>
    <subfield code="c">17</subfield>
    <subfield code="d">1995-01-01</subfield>
    <subfield code="h">A&#xF1;o 8, N&#xBA; 85/86 - 1995</subfield>
    <subfield code="l">0</subfield>
    <subfield code="o">H35 FUN 85/86</subfield>
    <subfield code="p">R05125</subfield>
    <subfield code="r">2026-04-10 16:07:05</subfield>
    <subfield code="w">2026-04-10</subfield>
    <subfield code="y">RN</subfield>
  </datafield>
  <datafield tag="952" ind1=" " ind2=" ">
    <subfield code="0">0</subfield>
    <subfield code="1">0</subfield>
    <subfield code="4">0</subfield>
    <subfield code="7">0</subfield>
    <subfield code="a">BCEJYS</subfield>
    <subfield code="b">BCEJYS</subfield>
    <subfield code="c">17</subfield>
    <subfield code="d">1994-03-01</subfield>
    <subfield code="h">A&#xF1;o 7, N&#xBA; 75 - 1994</subfield>
    <subfield code="l">0</subfield>
    <subfield code="o">H35 FUN 75</subfield>
    <subfield code="p">R05124</subfield>
    <subfield code="r">2026-04-10 16:07:05</subfield>
    <subfield code="w">2026-04-10</subfield>
    <subfield code="y">RN</subfield>
  </datafield>
  <datafield tag="952" ind1=" " ind2=" ">
    <subfield code="0">0</subfield>
    <subfield code="1">0</subfield>
    <subfield code="4">0</subfield>
    <subfield code="7">0</subfield>
    <subfield code="a">BCEJYS</subfield>
    <subfield code="b">BCEJYS</subfield>
    <subfield code="c">17</subfield>
    <subfield code="d">1994-02-01</subfield>
    <subfield code="h">A&#xF1;o 6, N&#xBA; 71/72 - 1994</subfield>
    <subfield code="l">0</subfield>
    <subfield code="o">H35 FUN 71/72</subfield>
    <subfield code="p">R05122</subfield>
    <subfield code="r">2026-04-10 16:07:05</subfield>
    <subfield code="w">2026-04-10</subfield>
    <subfield code="y">RN</subfield>
  </datafield>
  <datafield tag="952" ind1=" " ind2=" ">
    <subfield code="0">0</subfield>
    <subfield code="1">0</subfield>
    <subfield code="4">0</subfield>
    <subfield code="7">0</subfield>
    <subfield code="a">BCEJYS</subfield>
    <subfield code="b">BCEJYS</subfield>
    <subfield code="c">17</subfield>
    <subfield code="d">1994-01-01</subfield>
    <subfield code="h">A&#xF1;o 7, N&#xBA; 73/74 - 1994</subfield>
    <subfield code="l">0</subfield>
    <subfield code="o">H35 FUN 73/74</subfield>
    <subfield code="p">R05123</subfield>
    <subfield code="r">2026-04-10 16:07:05</subfield>
    <subfield code="w">2026-04-10</subfield>
    <subfield code="y">RN</subfield>
  </datafield>
  <datafield tag="952" ind1=" " ind2=" ">
    <subfield code="0">0</subfield>
    <subfield code="1">0</subfield>
    <subfield code="4">0</subfield>
    <subfield code="7">0</subfield>
    <subfield code="a">BCEJYS</subfield>
    <subfield code="b">BCEJYS</subfield>
    <subfield code="c">17</subfield>
    <subfield code="d">1994-01-01</subfield>
    <subfield code="h">A&#xF1;o 6, N&#xBA; 70 - 1994</subfield>
    <subfield code="l">0</subfield>
    <subfield code="o">H35 FUN 70</subfield>
    <subfield code="p">R05121</subfield>
    <subfield code="r">2026-04-10 16:07:05</subfield>
    <subfield code="w">2026-04-10</subfield>
    <subfield code="y">RN</subfield>
  </datafield>
  <datafield tag="952" ind1=" " ind2=" ">
    <subfield code="0">0</subfield>
    <subfield code="1">0</subfield>
    <subfield code="4">0</subfield>
    <subfield code="7">0</subfield>
    <subfield code="a">BCEJYS</subfield>
    <subfield code="b">BCEJYS</subfield>
    <subfield code="c">17</subfield>
    <subfield code="d">1993-06-01</subfield>
    <subfield code="h">A&#xF1;o 6, N&#xBA; 69 - 1993</subfield>
    <subfield code="l">0</subfield>
    <subfield code="o">H35 FUN 69</subfield>
    <subfield code="p">R05120</subfield>
    <subfield code="r">2026-04-10 16:07:05</subfield>
    <subfield code="w">2026-04-10</subfield>
    <subfield code="y">RN</subfield>
  </datafield>
  <datafield tag="952" ind1=" " ind2=" ">
    <subfield code="0">0</subfield>
    <subfield code="1">0</subfield>
    <subfield code="4">0</subfield>
    <subfield code="7">0</subfield>
    <subfield code="a">BCEJYS</subfield>
    <subfield code="b">BCEJYS</subfield>
    <subfield code="c">17</subfield>
    <subfield code="d">1993-05-01</subfield>
    <subfield code="h">A&#xF1;o 6, N&#xBA; 68 - 1993</subfield>
    <subfield code="l">0</subfield>
    <subfield code="o">H35 FUN 68</subfield>
    <subfield code="p">R05119</subfield>
    <subfield code="r">2026-04-10 16:07:05</subfield>
    <subfield code="w">2026-04-10</subfield>
    <subfield code="y">RN</subfield>
  </datafield>
  <datafield tag="952" ind1=" " ind2=" ">
    <subfield code="0">0</subfield>
    <subfield code="1">0</subfield>
    <subfield code="4">0</subfield>
    <subfield code="7">0</subfield>
    <subfield code="a">BCEJYS</subfield>
    <subfield code="b">BCEJYS</subfield>
    <subfield code="c">17</subfield>
    <subfield code="d">1993-04-01</subfield>
    <subfield code="h">A&#xF1;o 6, N&#xBA; 66 - 1993</subfield>
    <subfield code="l">0</subfield>
    <subfield code="o">H35 FUN 66</subfield>
    <subfield code="p">R05118</subfield>
    <subfield code="r">2026-04-10 16:07:05</subfield>
    <subfield code="w">2026-04-10</subfield>
    <subfield code="y">RN</subfield>
  </datafield>
  <datafield tag="952" ind1=" " ind2=" ">
    <subfield code="0">0</subfield>
    <subfield code="1">0</subfield>
    <subfield code="4">0</subfield>
    <subfield code="7">0</subfield>
    <subfield code="a">BCEJYS</subfield>
    <subfield code="b">BCEJYS</subfield>
    <subfield code="c">17</subfield>
    <subfield code="d">1993-03-01</subfield>
    <subfield code="h">A&#xF1;o 6, N&#xBA; 65 - 1993</subfield>
    <subfield code="l">0</subfield>
    <subfield code="o">H35 FUN 65</subfield>
    <subfield code="p">R05117</subfield>
    <subfield code="r">2026-04-10 16:07:05</subfield>
    <subfield code="w">2026-04-10</subfield>
    <subfield code="y">RN</subfield>
  </datafield>
  <datafield tag="952" ind1=" " ind2=" ">
    <subfield code="0">0</subfield>
    <subfield code="1">0</subfield>
    <subfield code="4">0</subfield>
    <subfield code="7">0</subfield>
    <subfield code="a">BCEJYS</subfield>
    <subfield code="b">BCEJYS</subfield>
    <subfield code="c">17</subfield>
    <subfield code="d">1993-02-01</subfield>
    <subfield code="h">A&#xF1;o 6, N&#xBA; 62 - 1993</subfield>
    <subfield code="l">0</subfield>
    <subfield code="o">H35 FUN 62</subfield>
    <subfield code="p">R05116</subfield>
    <subfield code="r">2026-04-10 16:07:05</subfield>
    <subfield code="w">2026-04-10</subfield>
    <subfield code="y">RN</subfield>
  </datafield>
  <datafield tag="952" ind1=" " ind2=" ">
    <subfield code="0">0</subfield>
    <subfield code="1">0</subfield>
    <subfield code="4">0</subfield>
    <subfield code="7">0</subfield>
    <subfield code="a">BCEJYS</subfield>
    <subfield code="b">BCEJYS</subfield>
    <subfield code="c">17</subfield>
    <subfield code="d">1993-01-01</subfield>
    <subfield code="h">A&#xF1;o 6, N&#xBA; 61 - 1993</subfield>
    <subfield code="l">0</subfield>
    <subfield code="o">H35 FUN 61</subfield>
    <subfield code="p">R05115</subfield>
    <subfield code="r">2026-04-10 16:07:05</subfield>
    <subfield code="w">2026-04-10</subfield>
    <subfield code="y">RN</subfield>
  </datafield>
  <datafield tag="952" ind1=" " ind2=" ">
    <subfield code="0">0</subfield>
    <subfield code="1">0</subfield>
    <subfield code="4">0</subfield>
    <subfield code="7">0</subfield>
    <subfield code="a">BCEJYS</subfield>
    <subfield code="b">BCEJYS</subfield>
    <subfield code="c">17</subfield>
    <subfield code="d">1992-12-01</subfield>
    <subfield code="h">A&#xF1;o 5 - 1992</subfield>
    <subfield code="l">0</subfield>
    <subfield code="o">H35 FUN 1992</subfield>
    <subfield code="p">R05130</subfield>
    <subfield code="r">2026-04-10 16:07:05</subfield>
    <subfield code="w">2026-04-10</subfield>
    <subfield code="y">RN</subfield>
  </datafield>
  <datafield tag="952" ind1=" " ind2=" ">
    <subfield code="0">0</subfield>
    <subfield code="1">0</subfield>
    <subfield code="4">0</subfield>
    <subfield code="7">0</subfield>
    <subfield code="a">BCEJYS</subfield>
    <subfield code="b">BCEJYS</subfield>
    <subfield code="c">17</subfield>
    <subfield code="d">1992-10-01</subfield>
    <subfield code="h">A&#xF1;o 5, N&#xBA; 59/60 - 1992</subfield>
    <subfield code="l">0</subfield>
    <subfield code="o">H35 FUN 59/60</subfield>
    <subfield code="p">R05114</subfield>
    <subfield code="r">2026-04-10 16:07:05</subfield>
    <subfield code="w">2026-04-10</subfield>
    <subfield code="y">RN</subfield>
  </datafield>
  <datafield tag="952" ind1=" " ind2=" ">
    <subfield code="0">0</subfield>
    <subfield code="1">0</subfield>
    <subfield code="4">0</subfield>
    <subfield code="7">0</subfield>
    <subfield code="a">BCEJYS</subfield>
    <subfield code="b">BCEJYS</subfield>
    <subfield code="c">17</subfield>
    <subfield code="d">1992-09-01</subfield>
    <subfield code="h">A&#xF1;o 5, N&#xBA; 58 - 1992</subfield>
    <subfield code="l">0</subfield>
    <subfield code="o">H35 FUN 58</subfield>
    <subfield code="p">R05113</subfield>
    <subfield code="r">2026-04-10 16:07:05</subfield>
    <subfield code="w">2026-04-10</subfield>
    <subfield code="y">RN</subfield>
  </datafield>
  <datafield tag="952" ind1=" " ind2=" ">
    <subfield code="0">0</subfield>
    <subfield code="1">0</subfield>
    <subfield code="4">0</subfield>
    <subfield code="7">0</subfield>
    <subfield code="a">BCEJYS</subfield>
    <subfield code="b">BCEJYS</subfield>
    <subfield code="c">17</subfield>
    <subfield code="d">1992-08-01</subfield>
    <subfield code="h">A&#xF1;o 5, N&#xBA; 57 - 1992</subfield>
    <subfield code="l">0</subfield>
    <subfield code="o">H35 FUN 57</subfield>
    <subfield code="p">R05112</subfield>
    <subfield code="r">2026-04-10 16:07:05</subfield>
    <subfield code="w">2026-04-10</subfield>
    <subfield code="y">RN</subfield>
  </datafield>
  <datafield tag="952" ind1=" " ind2=" ">
    <subfield code="0">0</subfield>
    <subfield code="1">0</subfield>
    <subfield code="4">0</subfield>
    <subfield code="7">0</subfield>
    <subfield code="a">BCEJYS</subfield>
    <subfield code="b">BCEJYS</subfield>
    <subfield code="c">17</subfield>
    <subfield code="d">1992-06-01</subfield>
    <subfield code="h">A&#xF1;o 5, N&#xBA; 55/56 - 1992</subfield>
    <subfield code="l">0</subfield>
    <subfield code="o">H35 FUN 55/56</subfield>
    <subfield code="p">R05111</subfield>
    <subfield code="r">2026-04-10 16:07:05</subfield>
    <subfield code="w">2026-04-10</subfield>
    <subfield code="y">RN</subfield>
  </datafield>
  <datafield tag="952" ind1=" " ind2=" ">
    <subfield code="0">0</subfield>
    <subfield code="1">0</subfield>
    <subfield code="4">0</subfield>
    <subfield code="7">0</subfield>
    <subfield code="a">BCEJYS</subfield>
    <subfield code="b">BCEJYS</subfield>
    <subfield code="c">17</subfield>
    <subfield code="d">1992-05-01</subfield>
    <subfield code="h">A&#xF1;o 5, N&#xBA; 54 - 1992</subfield>
    <subfield code="l">0</subfield>
    <subfield code="o">H35 FUN 54</subfield>
    <subfield code="p">R05110</subfield>
    <subfield code="r">2026-04-10 16:07:05</subfield>
    <subfield code="w">2026-04-10</subfield>
    <subfield code="y">RN</subfield>
  </datafield>
  <datafield tag="952" ind1=" " ind2=" ">
    <subfield code="0">0</subfield>
    <subfield code="1">0</subfield>
    <subfield code="4">0</subfield>
    <subfield code="7">0</subfield>
    <subfield code="a">BCEJYS</subfield>
    <subfield code="b">BCEJYS</subfield>
    <subfield code="c">17</subfield>
    <subfield code="d">1992-03-01</subfield>
    <subfield code="h">A&#xF1;o 5, N&#xBA; 51/52 - 1992</subfield>
    <subfield code="l">0</subfield>
    <subfield code="o">H35 FUN 51/52</subfield>
    <subfield code="p">R05109</subfield>
    <subfield code="r">2026-04-10 16:07:05</subfield>
    <subfield code="w">2026-04-10</subfield>
    <subfield code="y">RN</subfield>
  </datafield>
  <datafield tag="952" ind1=" " ind2=" ">
    <subfield code="0">0</subfield>
    <subfield code="1">0</subfield>
    <subfield code="4">0</subfield>
    <subfield code="7">0</subfield>
    <subfield code="a">BCEJYS</subfield>
    <subfield code="b">BCEJYS</subfield>
    <subfield code="c">17</subfield>
    <subfield code="d">1992-02-01</subfield>
    <subfield code="h">A&#xF1;o 5, N&#xBA; 50 - 1992</subfield>
    <subfield code="l">0</subfield>
    <subfield code="o">H35 FUN 50</subfield>
    <subfield code="p">R05108</subfield>
    <subfield code="r">2026-04-10 16:07:05</subfield>
    <subfield code="w">2026-04-10</subfield>
    <subfield code="y">RN</subfield>
  </datafield>
  <datafield tag="952" ind1=" " ind2=" ">
    <subfield code="0">0</subfield>
    <subfield code="1">0</subfield>
    <subfield code="4">0</subfield>
    <subfield code="7">0</subfield>
    <subfield code="a">BCEJYS</subfield>
    <subfield code="b">BCEJYS</subfield>
    <subfield code="c">17</subfield>
    <subfield code="d">1992-01-01</subfield>
    <subfield code="h">A&#xF1;o 5, N&#xBA; 49 - 1992</subfield>
    <subfield code="l">0</subfield>
    <subfield code="o">H35 FUN 49</subfield>
    <subfield code="p">R05107</subfield>
    <subfield code="r">2026-04-10 16:07:05</subfield>
    <subfield code="w">2026-04-10</subfield>
    <subfield code="y">RN</subfield>
  </datafield>
  <datafield tag="952" ind1=" " ind2=" ">
    <subfield code="0">0</subfield>
    <subfield code="1">0</subfield>
    <subfield code="4">0</subfield>
    <subfield code="7">0</subfield>
    <subfield code="a">BCEJYS</subfield>
    <subfield code="b">BCEJYS</subfield>
    <subfield code="c">17</subfield>
    <subfield code="d">1991-12-01</subfield>
    <subfield code="h">A&#xF1;o 4 - 1991</subfield>
    <subfield code="l">0</subfield>
    <subfield code="o">H35 FUN 1990</subfield>
    <subfield code="p">R05129</subfield>
    <subfield code="r">2026-04-10 16:07:05</subfield>
    <subfield code="w">2026-04-10</subfield>
    <subfield code="y">RN</subfield>
  </datafield>
  <datafield tag="952" ind1=" " ind2=" ">
    <subfield code="0">0</subfield>
    <subfield code="1">0</subfield>
    <subfield code="4">0</subfield>
    <subfield code="7">0</subfield>
    <subfield code="a">BCEJYS</subfield>
    <subfield code="b">BCEJYS</subfield>
    <subfield code="c">17</subfield>
    <subfield code="d">1991-05-01</subfield>
    <subfield code="h">A&#xF1;o 4, N&#xBA; 47/48 - 1991</subfield>
    <subfield code="l">0</subfield>
    <subfield code="o">H35 FUN 47/48</subfield>
    <subfield code="p">R05106</subfield>
    <subfield code="r">2026-04-10 16:07:05</subfield>
    <subfield code="w">2026-04-10</subfield>
    <subfield code="y">RN</subfield>
  </datafield>
  <datafield tag="952" ind1=" " ind2=" ">
    <subfield code="0">0</subfield>
    <subfield code="1">0</subfield>
    <subfield code="4">0</subfield>
    <subfield code="7">0</subfield>
    <subfield code="a">BCEJYS</subfield>
    <subfield code="b">BCEJYS</subfield>
    <subfield code="c">17</subfield>
    <subfield code="d">1991-03-01</subfield>
    <subfield code="h">A&#xF1;o 4, N&#xBA; 45/46 - 1991</subfield>
    <subfield code="l">0</subfield>
    <subfield code="o">H35 FUN 45/46</subfield>
    <subfield code="p">R05105</subfield>
    <subfield code="r">2026-04-10 16:07:05</subfield>
    <subfield code="w">2026-04-10</subfield>
    <subfield code="y">RN</subfield>
  </datafield>
  <datafield tag="952" ind1=" " ind2=" ">
    <subfield code="0">0</subfield>
    <subfield code="1">0</subfield>
    <subfield code="4">0</subfield>
    <subfield code="7">0</subfield>
    <subfield code="a">BCEJYS</subfield>
    <subfield code="b">BCEJYS</subfield>
    <subfield code="c">17</subfield>
    <subfield code="d">1991-02-01</subfield>
    <subfield code="h">A&#xF1;o 4, N&#xBA; 44 - 1991</subfield>
    <subfield code="l">0</subfield>
    <subfield code="o">H35 FUN 44</subfield>
    <subfield code="p">R05104</subfield>
    <subfield code="r">2026-04-10 16:07:05</subfield>
    <subfield code="w">2026-04-10</subfield>
    <subfield code="y">RN</subfield>
  </datafield>
  <datafield tag="952" ind1=" " ind2=" ">
    <subfield code="0">0</subfield>
    <subfield code="1">0</subfield>
    <subfield code="4">0</subfield>
    <subfield code="7">0</subfield>
    <subfield code="a">BCEJYS</subfield>
    <subfield code="b">BCEJYS</subfield>
    <subfield code="c">17</subfield>
    <subfield code="d">1991-01-01</subfield>
    <subfield code="h">A&#xF1;o 4, N&#xBA; 43 - 1991</subfield>
    <subfield code="l">0</subfield>
    <subfield code="o">H35 FUN 43</subfield>
    <subfield code="p">R05103</subfield>
    <subfield code="r">2026-04-10 16:07:05</subfield>
    <subfield code="w">2026-04-10</subfield>
    <subfield code="y">RN</subfield>
  </datafield>
  <datafield tag="952" ind1=" " ind2=" ">
    <subfield code="0">0</subfield>
    <subfield code="1">0</subfield>
    <subfield code="4">0</subfield>
    <subfield code="7">0</subfield>
    <subfield code="a">BCEJYS</subfield>
    <subfield code="b">BCEJYS</subfield>
    <subfield code="c">17</subfield>
    <subfield code="d">1990-06-01</subfield>
    <subfield code="h">A&#xF1;o 4, N&#xBA; 42 - 1990</subfield>
    <subfield code="l">0</subfield>
    <subfield code="o">H35 FUN 42</subfield>
    <subfield code="p">R05102</subfield>
    <subfield code="r">2026-04-10 16:07:05</subfield>
    <subfield code="w">2026-04-10</subfield>
    <subfield code="y">RN</subfield>
  </datafield>
  <datafield tag="952" ind1=" " ind2=" ">
    <subfield code="0">0</subfield>
    <subfield code="1">0</subfield>
    <subfield code="4">0</subfield>
    <subfield code="7">0</subfield>
    <subfield code="a">BCEJYS</subfield>
    <subfield code="b">BCEJYS</subfield>
    <subfield code="c">17</subfield>
    <subfield code="d">1990-04-01</subfield>
    <subfield code="h">A&#xF1;o 4, N&#xBA; 40/41 - 1990</subfield>
    <subfield code="l">0</subfield>
    <subfield code="o">H35 FUN 40/41</subfield>
    <subfield code="p">R05101</subfield>
    <subfield code="r">2026-04-10 16:07:05</subfield>
    <subfield code="w">2026-04-10</subfield>
    <subfield code="y">RN</subfield>
  </datafield>
  <datafield tag="952" ind1=" " ind2=" ">
    <subfield code="0">0</subfield>
    <subfield code="1">0</subfield>
    <subfield code="4">0</subfield>
    <subfield code="7">0</subfield>
    <subfield code="a">BCEJYS</subfield>
    <subfield code="b">BCEJYS</subfield>
    <subfield code="c">17</subfield>
    <subfield code="d">1990-03-01</subfield>
    <subfield code="h">A&#xF1;o 4, N&#xBA; 39 - 1990</subfield>
    <subfield code="l">0</subfield>
    <subfield code="o">H35 FUN 39</subfield>
    <subfield code="p">R05100</subfield>
    <subfield code="r">2026-04-10 16:07:05</subfield>
    <subfield code="w">2026-04-10</subfield>
    <subfield code="y">RN</subfield>
  </datafield>
  <datafield tag="952" ind1=" " ind2=" ">
    <subfield code="0">0</subfield>
    <subfield code="1">0</subfield>
    <subfield code="4">0</subfield>
    <subfield code="7">0</subfield>
    <subfield code="a">BCEJYS</subfield>
    <subfield code="b">BCEJYS</subfield>
    <subfield code="c">17</subfield>
    <subfield code="d">1990-02-01</subfield>
    <subfield code="h">A&#xF1;o 4, N&#xBA; 38 - 1990</subfield>
    <subfield code="l">0</subfield>
    <subfield code="o">H35 FUN 38</subfield>
    <subfield code="p">R05099</subfield>
    <subfield code="r">2026-04-10 16:07:05</subfield>
    <subfield code="w">2026-04-10</subfield>
    <subfield code="y">RN</subfield>
  </datafield>
  <datafield tag="952" ind1=" " ind2=" ">
    <subfield code="0">0</subfield>
    <subfield code="1">0</subfield>
    <subfield code="4">0</subfield>
    <subfield code="7">0</subfield>
    <subfield code="a">BCEJYS</subfield>
    <subfield code="b">BCEJYS</subfield>
    <subfield code="c">17</subfield>
    <subfield code="d">1990-01-01</subfield>
    <subfield code="h">A&#xF1;o 4, N&#xBA; 37 - 1990</subfield>
    <subfield code="l">0</subfield>
    <subfield code="o">H35 FUN 37</subfield>
    <subfield code="p">R05098</subfield>
    <subfield code="r">2026-04-10 16:07:05</subfield>
    <subfield code="w">2026-04-10</subfield>
    <subfield code="y">RN</subfield>
  </datafield>
  <datafield tag="952" ind1=" " ind2=" ">
    <subfield code="0">0</subfield>
    <subfield code="1">0</subfield>
    <subfield code="4">0</subfield>
    <subfield code="7">0</subfield>
    <subfield code="a">BCEJYS</subfield>
    <subfield code="b">BCEJYS</subfield>
    <subfield code="c">17</subfield>
    <subfield code="d">1989-12-01</subfield>
    <subfield code="h">A&#xF1;o 3 - 1989</subfield>
    <subfield code="l">0</subfield>
    <subfield code="o">H35 FUN 1988</subfield>
    <subfield code="p">R05128</subfield>
    <subfield code="r">2026-04-10 16:07:05</subfield>
    <subfield code="w">2026-04-10</subfield>
    <subfield code="y">RN</subfield>
  </datafield>
  <datafield tag="952" ind1=" " ind2=" ">
    <subfield code="0">0</subfield>
    <subfield code="1">0</subfield>
    <subfield code="4">0</subfield>
    <subfield code="7">0</subfield>
    <subfield code="a">BCEJYS</subfield>
    <subfield code="b">BCEJYS</subfield>
    <subfield code="c">17</subfield>
    <subfield code="d">1989-10-01</subfield>
    <subfield code="h">A&#xF1;o 3, N&#xBA; 35/36 - 1989</subfield>
    <subfield code="l">0</subfield>
    <subfield code="o">H35 FUN 35/36</subfield>
    <subfield code="p">R05097</subfield>
    <subfield code="r">2026-04-10 16:07:05</subfield>
    <subfield code="w">2026-04-10</subfield>
    <subfield code="y">RN</subfield>
  </datafield>
  <datafield tag="952" ind1=" " ind2=" ">
    <subfield code="0">0</subfield>
    <subfield code="1">0</subfield>
    <subfield code="4">0</subfield>
    <subfield code="7">0</subfield>
    <subfield code="a">BCEJYS</subfield>
    <subfield code="b">BCEJYS</subfield>
    <subfield code="c">17</subfield>
    <subfield code="d">1989-09-01</subfield>
    <subfield code="h">A&#xF1;o 3, N&#xBA; 34 - 1989</subfield>
    <subfield code="l">0</subfield>
    <subfield code="o">H35 FUN 34</subfield>
    <subfield code="p">R05096</subfield>
    <subfield code="r">2026-04-10 16:07:05</subfield>
    <subfield code="w">2026-04-10</subfield>
    <subfield code="y">RN</subfield>
  </datafield>
  <datafield tag="952" ind1=" " ind2=" ">
    <subfield code="0">0</subfield>
    <subfield code="1">0</subfield>
    <subfield code="4">0</subfield>
    <subfield code="7">0</subfield>
    <subfield code="a">BCEJYS</subfield>
    <subfield code="b">BCEJYS</subfield>
    <subfield code="c">17</subfield>
    <subfield code="d">1989-08-01</subfield>
    <subfield code="h">A&#xF1;o 3, N&#xBA; 33 - 1989</subfield>
    <subfield code="l">0</subfield>
    <subfield code="o">H35 FUN 33</subfield>
    <subfield code="p">R05095</subfield>
    <subfield code="r">2026-04-10 16:07:05</subfield>
    <subfield code="w">2026-04-10</subfield>
    <subfield code="y">RN</subfield>
  </datafield>
  <datafield tag="952" ind1=" " ind2=" ">
    <subfield code="0">0</subfield>
    <subfield code="1">0</subfield>
    <subfield code="4">0</subfield>
    <subfield code="7">0</subfield>
    <subfield code="a">BCEJYS</subfield>
    <subfield code="b">BCEJYS</subfield>
    <subfield code="c">17</subfield>
    <subfield code="d">1989-07-01</subfield>
    <subfield code="h">A&#xF1;o 3, N&#xBA; 32 - 1989</subfield>
    <subfield code="l">0</subfield>
    <subfield code="o">H35 FUN 32</subfield>
    <subfield code="p">R05094</subfield>
    <subfield code="r">2026-04-10 16:07:05</subfield>
    <subfield code="w">2026-04-10</subfield>
    <subfield code="y">RN</subfield>
  </datafield>
  <datafield tag="952" ind1=" " ind2=" ">
    <subfield code="0">0</subfield>
    <subfield code="1">0</subfield>
    <subfield code="4">0</subfield>
    <subfield code="7">0</subfield>
    <subfield code="a">BCEJYS</subfield>
    <subfield code="b">BCEJYS</subfield>
    <subfield code="c">17</subfield>
    <subfield code="d">1988-06-01</subfield>
    <subfield code="h">A&#xF1;o 3, N&#xBA; 31 - 1988</subfield>
    <subfield code="l">0</subfield>
    <subfield code="o">H35 FUN 31</subfield>
    <subfield code="p">R05093</subfield>
    <subfield code="r">2026-04-10 16:07:05</subfield>
    <subfield code="w">2026-04-10</subfield>
    <subfield code="y">RN</subfield>
  </datafield>
  <datafield tag="952" ind1=" " ind2=" ">
    <subfield code="0">0</subfield>
    <subfield code="1">0</subfield>
    <subfield code="4">0</subfield>
    <subfield code="7">0</subfield>
    <subfield code="a">BCEJYS</subfield>
    <subfield code="b">BCEJYS</subfield>
    <subfield code="c">17</subfield>
    <subfield code="d">1988-05-01</subfield>
    <subfield code="h">A&#xF1;o 3, N&#xBA; 30 - 1988</subfield>
    <subfield code="l">0</subfield>
    <subfield code="o">H35 FUN 30</subfield>
    <subfield code="p">R05092</subfield>
    <subfield code="r">2026-04-10 16:07:05</subfield>
    <subfield code="w">2026-04-10</subfield>
    <subfield code="y">RN</subfield>
  </datafield>
  <datafield tag="952" ind1=" " ind2=" ">
    <subfield code="0">0</subfield>
    <subfield code="1">0</subfield>
    <subfield code="4">0</subfield>
    <subfield code="7">0</subfield>
    <subfield code="a">BCEJYS</subfield>
    <subfield code="b">BCEJYS</subfield>
    <subfield code="c">17</subfield>
    <subfield code="d">1988-04-01</subfield>
    <subfield code="h">A&#xF1;o 3, N&#xBA; 29 - 1988</subfield>
    <subfield code="l">0</subfield>
    <subfield code="o">H35 FUN 29</subfield>
    <subfield code="p">R05091</subfield>
    <subfield code="r">2026-04-10 16:07:05</subfield>
    <subfield code="w">2026-04-10</subfield>
    <subfield code="y">RN</subfield>
  </datafield>
  <datafield tag="952" ind1=" " ind2=" ">
    <subfield code="0">0</subfield>
    <subfield code="1">0</subfield>
    <subfield code="4">0</subfield>
    <subfield code="7">0</subfield>
    <subfield code="a">BCEJYS</subfield>
    <subfield code="b">BCEJYS</subfield>
    <subfield code="c">17</subfield>
    <subfield code="d">1988-02-01</subfield>
    <subfield code="h">A&#xF1;o 3, N&#xBA; 27/28 - 1988</subfield>
    <subfield code="l">0</subfield>
    <subfield code="o">H35 FUN 27/28</subfield>
    <subfield code="p">R05090</subfield>
    <subfield code="r">2026-04-10 16:07:05</subfield>
    <subfield code="w">2026-04-10</subfield>
    <subfield code="y">RN</subfield>
  </datafield>
  <datafield tag="952" ind1=" " ind2=" ">
    <subfield code="0">0</subfield>
    <subfield code="1">0</subfield>
    <subfield code="4">0</subfield>
    <subfield code="7">0</subfield>
    <subfield code="a">BCEJYS</subfield>
    <subfield code="b">BCEJYS</subfield>
    <subfield code="c">17</subfield>
    <subfield code="d">1988-01-01</subfield>
    <subfield code="h">A&#xF1;o 3, N&#xBA; 26 - 1988</subfield>
    <subfield code="l">0</subfield>
    <subfield code="o">H35 FUN 26</subfield>
    <subfield code="p">R05089</subfield>
    <subfield code="r">2026-04-10 16:07:05</subfield>
    <subfield code="w">2026-04-10</subfield>
    <subfield code="y">RN</subfield>
  </datafield>
  <datafield tag="952" ind1=" " ind2=" ">
    <subfield code="0">0</subfield>
    <subfield code="1">0</subfield>
    <subfield code="4">0</subfield>
    <subfield code="7">0</subfield>
    <subfield code="a">BCEJYS</subfield>
    <subfield code="b">BCEJYS</subfield>
    <subfield code="c">17</subfield>
    <subfield code="d">1987-07-01</subfield>
    <subfield code="h">A&#xF1;o 3, N&#xBA; 25 - 1987</subfield>
    <subfield code="l">0</subfield>
    <subfield code="o">H35 FUN 25</subfield>
    <subfield code="p">R05088</subfield>
    <subfield code="r">2026-04-10 16:07:05</subfield>
    <subfield code="w">2026-04-10</subfield>
    <subfield code="y">RN</subfield>
  </datafield>
  <datafield tag="952" ind1=" " ind2=" ">
    <subfield code="0">0</subfield>
    <subfield code="1">0</subfield>
    <subfield code="4">0</subfield>
    <subfield code="7">0</subfield>
    <subfield code="a">BCEJYS</subfield>
    <subfield code="b">BCEJYS</subfield>
    <subfield code="c">17</subfield>
    <subfield code="d">1987-05-01</subfield>
    <subfield code="h">A&#xF1;o 2, N&#xBA; 23/24 - 1987</subfield>
    <subfield code="l">0</subfield>
    <subfield code="o">H35 FUN 23/24</subfield>
    <subfield code="p">R05087</subfield>
    <subfield code="r">2026-04-10 16:07:05</subfield>
    <subfield code="w">2026-04-10</subfield>
    <subfield code="y">RN</subfield>
  </datafield>
  <datafield tag="952" ind1=" " ind2=" ">
    <subfield code="0">0</subfield>
    <subfield code="1">0</subfield>
    <subfield code="4">0</subfield>
    <subfield code="7">0</subfield>
    <subfield code="a">BCEJYS</subfield>
    <subfield code="b">BCEJYS</subfield>
    <subfield code="c">17</subfield>
    <subfield code="d">1987-04-01</subfield>
    <subfield code="h">A&#xF1;o 2, N&#xBA; 22 - 1987</subfield>
    <subfield code="l">0</subfield>
    <subfield code="o">H35 FUN 22</subfield>
    <subfield code="p">R05086</subfield>
    <subfield code="r">2026-04-10 16:07:05</subfield>
    <subfield code="w">2026-04-10</subfield>
    <subfield code="y">RN</subfield>
  </datafield>
  <datafield tag="952" ind1=" " ind2=" ">
    <subfield code="0">0</subfield>
    <subfield code="1">0</subfield>
    <subfield code="4">0</subfield>
    <subfield code="7">0</subfield>
    <subfield code="a">BCEJYS</subfield>
    <subfield code="b">BCEJYS</subfield>
    <subfield code="c">17</subfield>
    <subfield code="d">1987-03-01</subfield>
    <subfield code="h">A&#xF1;o 2, N&#xBA; 21 - 1987</subfield>
    <subfield code="l">0</subfield>
    <subfield code="o">H35 FUN 21</subfield>
    <subfield code="p">R05085</subfield>
    <subfield code="r">2026-04-10 16:07:05</subfield>
    <subfield code="w">2026-04-10</subfield>
    <subfield code="y">RN</subfield>
  </datafield>
  <datafield tag="952" ind1=" " ind2=" ">
    <subfield code="0">0</subfield>
    <subfield code="1">0</subfield>
    <subfield code="4">0</subfield>
    <subfield code="7">0</subfield>
    <subfield code="a">BCEJYS</subfield>
    <subfield code="b">BCEJYS</subfield>
    <subfield code="c">17</subfield>
    <subfield code="d">1987-02-01</subfield>
    <subfield code="h">A&#xF1;o 2, N&#xBA; 20 - 1987</subfield>
    <subfield code="l">0</subfield>
    <subfield code="o">H35 FUN 20</subfield>
    <subfield code="p">R05084</subfield>
    <subfield code="r">2026-04-10 16:07:05</subfield>
    <subfield code="w">2026-04-10</subfield>
    <subfield code="y">RN</subfield>
  </datafield>
  <datafield tag="952" ind1=" " ind2=" ">
    <subfield code="0">0</subfield>
    <subfield code="1">0</subfield>
    <subfield code="4">0</subfield>
    <subfield code="7">0</subfield>
    <subfield code="a">BCEJYS</subfield>
    <subfield code="b">BCEJYS</subfield>
    <subfield code="c">17</subfield>
    <subfield code="d">1987-01-01</subfield>
    <subfield code="h">A&#xF1;o 2, N&#xBA; 19 - 1987</subfield>
    <subfield code="l">0</subfield>
    <subfield code="o">H35 FUN 19</subfield>
    <subfield code="p">R05083</subfield>
    <subfield code="r">2026-04-10 16:07:05</subfield>
    <subfield code="w">2026-04-10</subfield>
    <subfield code="y">RN</subfield>
  </datafield>
  <datafield tag="952" ind1=" " ind2=" ">
    <subfield code="0">0</subfield>
    <subfield code="1">0</subfield>
    <subfield code="4">0</subfield>
    <subfield code="7">0</subfield>
    <subfield code="a">BCEJYS</subfield>
    <subfield code="b">BCEJYS</subfield>
    <subfield code="c">17</subfield>
    <subfield code="d">1986-12-01</subfield>
    <subfield code="h">A&#xF1;o 2 - 1986</subfield>
    <subfield code="l">0</subfield>
    <subfield code="o">H35 FUN 1986</subfield>
    <subfield code="p">R05127</subfield>
    <subfield code="r">2026-04-10 16:07:05</subfield>
    <subfield code="w">2026-04-10</subfield>
    <subfield code="y">RN</subfield>
  </datafield>
  <datafield tag="952" ind1=" " ind2=" ">
    <subfield code="0">0</subfield>
    <subfield code="1">0</subfield>
    <subfield code="4">0</subfield>
    <subfield code="7">0</subfield>
    <subfield code="a">BCEJYS</subfield>
    <subfield code="b">BCEJYS</subfield>
    <subfield code="c">17</subfield>
    <subfield code="d">1986-05-01</subfield>
    <subfield code="h">A&#xF1;o 2, N&#xBA; 17/18 - 1986</subfield>
    <subfield code="l">0</subfield>
    <subfield code="o">H35 FUN 17/18</subfield>
    <subfield code="p">R05082</subfield>
    <subfield code="r">2026-04-10 16:07:05</subfield>
    <subfield code="w">2026-04-10</subfield>
    <subfield code="y">RN</subfield>
  </datafield>
  <datafield tag="952" ind1=" " ind2=" ">
    <subfield code="0">0</subfield>
    <subfield code="1">0</subfield>
    <subfield code="4">0</subfield>
    <subfield code="7">0</subfield>
    <subfield code="a">BCEJYS</subfield>
    <subfield code="b">BCEJYS</subfield>
    <subfield code="c">17</subfield>
    <subfield code="d">1986-04-01</subfield>
    <subfield code="h">A&#xF1;o 2, N&#xBA; 16 - 1986</subfield>
    <subfield code="l">0</subfield>
    <subfield code="o">H35 FUN 16</subfield>
    <subfield code="p">R05081</subfield>
    <subfield code="r">2026-04-10 16:07:05</subfield>
    <subfield code="w">2026-04-10</subfield>
    <subfield code="y">RN</subfield>
  </datafield>
  <datafield tag="952" ind1=" " ind2=" ">
    <subfield code="0">0</subfield>
    <subfield code="1">0</subfield>
    <subfield code="4">0</subfield>
    <subfield code="7">0</subfield>
    <subfield code="a">BCEJYS</subfield>
    <subfield code="b">BCEJYS</subfield>
    <subfield code="c">17</subfield>
    <subfield code="d">1986-03-01</subfield>
    <subfield code="h">A&#xF1;o 2, N&#xBA; 15 - 1986</subfield>
    <subfield code="l">0</subfield>
    <subfield code="o">H35 FUN 15</subfield>
    <subfield code="p">R05080</subfield>
    <subfield code="r">2026-04-10 16:07:05</subfield>
    <subfield code="w">2026-04-10</subfield>
    <subfield code="y">RN</subfield>
  </datafield>
  <datafield tag="952" ind1=" " ind2=" ">
    <subfield code="0">0</subfield>
    <subfield code="1">0</subfield>
    <subfield code="4">0</subfield>
    <subfield code="7">0</subfield>
    <subfield code="a">BCEJYS</subfield>
    <subfield code="b">BCEJYS</subfield>
    <subfield code="c">17</subfield>
    <subfield code="d">1986-02-01</subfield>
    <subfield code="h">A&#xF1;o 2, N&#xBA; 14 - 1986</subfield>
    <subfield code="l">0</subfield>
    <subfield code="o">H35 FUN 14</subfield>
    <subfield code="p">R05079</subfield>
    <subfield code="r">2026-04-10 16:07:05</subfield>
    <subfield code="w">2026-04-10</subfield>
    <subfield code="y">RN</subfield>
  </datafield>
  <datafield tag="952" ind1=" " ind2=" ">
    <subfield code="0">0</subfield>
    <subfield code="1">0</subfield>
    <subfield code="4">0</subfield>
    <subfield code="7">0</subfield>
    <subfield code="a">BCEJYS</subfield>
    <subfield code="b">BCEJYS</subfield>
    <subfield code="c">17</subfield>
    <subfield code="d">1986-01-01</subfield>
    <subfield code="h">A&#xF1;o 2, N&#xBA; 13 - 1986</subfield>
    <subfield code="l">0</subfield>
    <subfield code="o">H35 FUN 13</subfield>
    <subfield code="p">R05078</subfield>
    <subfield code="r">2026-04-10 16:07:05</subfield>
    <subfield code="w">2026-04-10</subfield>
    <subfield code="y">RN</subfield>
  </datafield>
</record>
